Mancomunitat de Catalunya 1914 - 2014 1914 - 2014
Descripción Física:
1 carpeta : 31 cm
Idioma:
Catalán
MARC
| LEADER | 00000nam a2200000 a 4500 | ||
|---|---|---|---|
| 001 | 26320 | ||
| 008 | 220725b spa||||| |||| 00| 0 cat d | ||
| 080 | |a NBM-14-64 | ||
| 245 | 0 | 0 | |a Mancomunitat de Catalunya |h [objecte] : |b 1914 - 2014 |
| 260 | |a Barcelona : |b Diputació de Barcelona. Àrea de Presidència, |c 2014 | ||
| 300 | |a 1 carpeta : |c 31 cm | ||
| 500 | |a Conté logotip de la Mancomunitat de Catalunya, 1914-2014 | ||
| 710 | |a Barcelona (Catalunya : Província). |b Àrea de Presidència |9 52558 | ||
| 942 | |2 udc |c ARXIU |n 1 | ||
| 952 | |0 0 |1 0 |4 0 |6 NBM1464 |7 1 |9 63079 |a Arxiu |b Arxiu |d 2022-07-25 |l 0 |o NBM-14-64 |p 26320 |r 2022-07-25 00:00:00 |w 2022-07-25 |y ARXIU | ||
| 999 | |c 82420 |d 82420 | ||